Totalisations dans les espaces abstraits /
Guardado en:
| Autor Principal: | |
|---|---|
| Formato: | Libro |
| Idioma: | French |
| Publicado: |
Paris :
Gauthier-Villars,
1963.
|
| Series: | Mémorial des sciences mathématiques ;
fasc. 155 |
| Materias: | |
| Etiquetas: |
Agregar Etiqueta
Sin Etiquetas, Sea el primero en etiquetar este registro!
|
| LEADER | 00673cam a22002055a 4500 | ||
|---|---|---|---|
| 001 | MAT.inmabb005250 | ||
| 008 | 740614s1963####fr#######b####000#0#fre## | ||
| 005 | 20160322173701.0 | ||
| 245 | 1 | 0 | |a Totalisations dans les espaces abstraits / |c W. J. Trjitzinsky. |
| 260 | |a Paris : |b Gauthier-Villars, |c 1963. | ||
| 300 | |a 131 p. ; |c 24 cm. | ||
| 440 | 0 | |a Mémorial des sciences mathématiques ; |v fasc. 155 | |
| 504 | |a Bibliografía: p. 131. | ||
| 510 | 4 | |a MR, |c 28 #4078 | |
| 100 | 1 | |a Trjitzinsky, W. J. |q (Waldemar Joseph), |d 1901- | |
| 650 | 0 | |a Topology. | |
| 084 | |a 28.00 (26.45) |2 MR | ||
| 010 | |a 64007234 | ||
| 040 | |a DLC |c PPD |d OCoLC |d DLC | ||
| 859 | |h 28 |i T842 |p A-2713 |b BIB. MATEMATICA | ||
